[Event "BCF-ch Atkins op"]
[Site "Coventry"]
[Date "2015.08.02"]
[Round "4"]
[White "Burns, Martin J"]
[Black "Benson, Sean T"]
[Result "1-0"]
[WhiteElo "1901"]
[BlackElo "1745"]
[PlyCount "73"]
[EventDate "2015.07.31"]
[EventType "swiss"]
[EventRounds "5"]
[EventCountry "ENG"]
[SourceTitle "CBM 167 Extra"]
[Source "ChessBase"]
[SourceDate "2015.09.14"]
[SourceVersion "1"]
[SourceVersionDate "2015.09.14"]
[SourceQuality "1"]

1. e4 e6 2. d4 d5 3. Nd2 Nf6 4. e5 Nfd7 5. Bd3 c5 6. c3 Nc6 7. Ne2 Qb6 8. Nf3 f6 9. Nf4 cxd4 10. cxd4 Qb4+ 11. Bd2 Qe7 12. 0-0 fxe5 13. dxe5 g6 14. Bc3 Bg7 15. Bxg6+ hxg6 16. Nxg6 Qf7 17. Nxh8 Bxh8 18. Ng5 Qg6 19. Nxe6 Bxe5 20. Bxe5 Qxe6 21. Bg3 Kf8 22. Re1 Qf7 23. Qd2 Nf6 24. f3 Bf5 25. Bh4 Kg7 26. b4 Rh8 27. Bg3 Ne7 28. Rac1 Ng6 29. Rc7 Nd7 30. Qd4+ Kg8 31. Rxb7 Ngf8 32. Rxa7 Qg6 33. Qxd5+ Be6 34. Qd6 Rh6 35. b5 Qc2 36. Ra8 Qxa2 37. Rxa2 1-0

[Event "BCF-ch Atkins op"]
[Site "Coventry"]
[Date "2015.08.01"]
[Round "2"]
[White "Edwards, Roger J"]
[Black "Burns, Martin J"]
[Result "1-0"]
[WhiteElo "1780"]
[BlackElo "1901"]
[PlyCount "105"]
[EventDate "2015.07.31"]
[EventType "swiss"]
[EventRounds "5"]
[EventCountry "ENG"]
[SourceTitle "CBM 167 Extra"]
[Source "ChessBase"]
[SourceDate "2015.09.14"]
[SourceVersion "1"]
[SourceVersionDate "2015.09.14"]
[SourceQuality "1"]

1. e4 e6 2. d4 d5 3. exd5 exd5 4. c4 Bb4+ 5. Nc3 Be6 6. c5 c6 7. Nf3 Nf6 8. Bd3 h6 9. 0-0 0-0 10. Bd2 Nbd7 11. a3 Ba5 12. b4 Bc7 13. Qc1 Re8 14. h3 Nf8 15. Bf4 Bxf4 16. Qxf4 Qb8 17. Qxb8 Raxb8 18. Ne5 N6d7 19. f4 f6 20. Ng6 Bf7 21. Nxf8 Nxf8 22. Rae1 Ne6 23. Ne2 Kf8 24. f5 Nc7 25. Nc3 a6 26. Na4 Rbd8 27. Nc3 Bg8 28. Kf2 Bh7 29. g4 Bg8 30. Ne2 a5 31. Nf4 Bf7 32. Rb1 a4 33. Rfe1 Rxe1 34. Rxe1 Re8 35. Rxe8+ Kxe8 36. Ke3 Kd7 37. Ne2 h5 38. Nc3 hxg4 39. hxg4 Bg8 40. Nxa4 Ne8 41. Nb6+ Kc7 42. b5 cxb5 43. Bxb5 Bf7 44. Nxd5+ Bxd5 45. Bxe8 Kd8 46. Bb5 Kc7 47. Kf4 Bb3 48. Bd3 b6 49. Be4 bxc5 50. dxc5 Bd1 51. g5 Ba4 52. gxf6 gxf6 53. Ke3 1-0

[Event "BCF-ch Atkins op"]
[Site "Coventry"]
[Date "2015.08.01"]
[Round "3"]
[White "Sit, Victoria"]
[Black "Burns, Martin J"]
[Result "1/2-1/2"]
[WhiteElo "1617"]
[BlackElo "1901"]
[PlyCount "116"]
[EventDate "2015.07.31"]
[EventType "swiss"]
[EventRounds "5"]
[EventCountry "ENG"]
[SourceTitle "CBM 167 Extra"]
[Source "ChessBase"]
[SourceDate "2015.09.14"]
[SourceVersion "1"]
[SourceVersionDate "2015.09.14"]
[SourceQuality "1"]

1. d4 Nf6 2. c4 g6 3. Nf3 Bg7 4. g3 0-0 5. Bg2 d6 6. Nc3 Nc6 7. e4 a6 8. h3 e5 9. d5 Ne7 10. Be3 Nd7 11. 0-0 f5 12. Ng5 Nf6 13. Qc2 Nh5 14. Kh2 f4 15. Bd2 h6 16. Nf3 g5 17. g4 Nf6 18. Ne1 Ng6 19. f3 Nh4 20. Nd3 h5 21. b4 hxg4 22. hxg4 Bxg4 23. Be1 Nxg2 24. Qxg2 Bh5 25. Rh1 g4 26. fxg4 Nxg4+ 27. Kg1 Qg5 28. Bh4 Qg6 29. Ne1 Ne3 30. Qxg6 Bxg6 31. Nf3 Bf6 32. c5 Kf7 33. Kf2 Rh8 34. Bxf6 Ng4+ 35. Ke2 Nxf6 36. Ng5+ Ke7 37. Kd3 c6 38. cxd6+ Kxd6 39. dxc6 Kxc6 40. Kc4 b5+ 41. Kb3 Rh5 42. Rxh5 Bxh5 43. a4 bxa4+ 44. Rxa4 Kb6 45. Ra5 Re8 46. Na4+ Ka7 47. b5 Nd7 48. Rxa6+ Kb7 49. Rh6 Bd1+ 50. Kb4 Bxa4 51. Kxa4 Rg8 52. Rh5 Rg6 53. Nf3 Nc5+ 54. Kb4 Nxe4 55. Rxe5 Nf2 56. Rf5 Rg8 57. Rf7+ Kb6 58. Ne5 Rg1 1/2-1/2

[Event "BCF-chT3 1415 (4NCL)"]
[Site "England"]
[Date "2015.05.03"]
[Round "10.168"]
[White "Shepley, Julien M"]
[Black "Burns, Martin J"]
[Result "1-0"]
[WhiteElo "1974"]
[BlackElo "1982"]
[PlyCount "93"]
[EventDate "2015.03.21"]
[EventType "team-swiss"]
[EventRounds "11"]
[EventCountry "ENG"]
[SourceTitle "EXT 2016"]
[Source "ChessBase"]
[SourceDate "2015.10.08"]
[SourceVersion "1"]
[SourceVersionDate "2015.10.08"]
[SourceQuality "1"]
[WhiteTeam "Guildford IV"]
[BlackTeam "Manchester Manticores"]
[WhiteTeamCountry "ENG"]
[BlackTeamCountry "ENG"]

1. e4 e6 2. d4 d5 3. Nd2 c5 4. Ngf3 Nc6 5. exd5 Qxd5 6. Bc4 Qd8 7. 0-0 Nf6 8. Re1 cxd4 9. Nb3 Bb4 10. Bd2 Bxd2 11. Qxd2 0-0 12. Nbxd4 Nxd4 13. Qxd4 b6 14. Rad1 Bb7 15. Ne5 Nd5 16. Bd3 Qg5 17. h4 Qe7 18. a3 Rad8 19. Qg4 Nf6 20. Qg5 Qc5 21. b4 Qc7 22. h5 h6 23. Qh4 Rd5 24. f4 Kh8 25. Re3 Rd4 26. Rde1 a5 27. c4 axb4 28. axb4 b5 29. cxb5 Nd5 30. Re4 Rxe4 31. Rxe4 Qc1+ 32. Kh2 Nf6 33. Rc4 Qd2 34. Rc2 Qxb4 35. Rc7 Bd5 36. Nxf7+ Rxf7 37. Rxf7 Kg8 38. Rxf6 gxf6 39. Qxf6 Qd2 40. Qd8+ Kg7 41. Qe7+ Kg8 42. Qh7+ Kf8 43. Qxh6+ Ke7 44. Qg5+ Kd6 45. Bc4 Kc5 46. Bxd5 exd5 47. h6 1-0

[Event "BCF-chT3 1415 (4NCL)"]
[Site "England"]
[Date "2015.05.02"]
[Round "9.208"]
[White "Burns, Martin J"]
[Black "Scattergood, Ben"]
[Result "1-0"]
[WhiteElo "1982"]
[BlackElo "2006"]
[PlyCount "73"]
[EventDate "2015.03.21"]
[EventType "team-swiss"]
[EventRounds "11"]
[EventCountry "ENG"]
[SourceTitle "EXT 2016"]
[Source "ChessBase"]
[SourceDate "2015.10.08"]
[SourceVersion "1"]
[SourceVersionDate "2015.10.08"]
[SourceQuality "1"]
[WhiteTeam "Manchester Manticores"]
[BlackTeam "Holmes Chapel"]
[WhiteTeamCountry "ENG"]
[BlackTeamCountry "ENG"]

1. e4 e6 2. d4 d5 3. Nd2 Nf6 4. e5 Nfd7 5. Bd3 c5 6. c3 Nc6 7. Ne2 cxd4 8. cxd4 f6 9. exf6 Nxf6 10. Nf3 Bd6 11. Bf4 0-0 12. Bxd6 Qxd6 13. 0-0 Bd7 14. Rc1 Nb4 15. Bb1 Bb5 16. Re1 Ng4 17. Ng3 h5 18. a3 Nc6 19. Qc2 Nf6 20. Nxh5 Ne4 21. Rxe4 dxe4 22. Qxe4 Rf5 23. Ng3 Raf8 24. Nxf5 exf5 25. Ba2+ Kh8 26. Qh4+ Qh6 27. Qxh6+ gxh6 28. d5 Na5 29. Rc5 a6 30. b4 b6 31. Rc1 Nb7 32. Nd4 Bd3 33. h3 Nd6 34. Rc6 Ne4 35. Rxh6+ Kg7 36. Rxb6 Rc8 37. Rc6 1-0

[Event "Bolton Easter op"]
[Site "Bolton"]
[Date "2015.04.03"]
[Round "1"]
[White "Burns, Martin J"]
[Black "Owen, Dennis P"]
[Result "1/2-1/2"]
[WhiteElo "1890"]
[BlackElo "2036"]
[PlyCount "160"]
[EventDate "2015.04.03"]
[EventType "swiss"]
[EventRounds "5"]
[EventCountry "ENG"]
[SourceTitle "CBM 165 Extra"]
[Source "ChessBase"]
[SourceDate "2015.04.21"]
[SourceVersion "1"]
[SourceVersionDate "2015.04.21"]
[SourceQuality "1"]

1. e4 c6 2. d4 d5 3. e5 Bf5 4. Bd3 Bxd3 5. Qxd3 e6 6. Nf3 g6 7. 0-0 Bh6 8. Nc3 Bxc1 9. Raxc1 h5 10. Ne2 Nh6 11. Nf4 Nf5 12. c4 0-0 13. Qb3 Qe7 14. c5 Qc7 15. Rfd1 Nd7 16. h3 Kg7 17. Ng5 Rfe8 18. g4 hxg4 19. hxg4 Nh6 20. Qg3 Qd8 21. Qh4 Nf8 22. Qxh6+ Kxh6 23. Nxf7+ Kg7 24. Nxd8 Raxd8 25. Kg2 Rd7 26. Rc3 Rf7 27. Nh3 Nh7 28. Rdd3 Ref8 29. Rf3 Rxf3 30. Rxf3 Rxf3 31. Kxf3 Kf7 32. Kf4 Ke7 33. Ng5 Nf8 34. Nf3 Nh7 35. b4 a6 36. Ng5 Nf8 37. Kg3 Ke8 38. f4 Ke7 39. Kf3 Ke8 40. Ke3 Ke7 41. Kd3 Ke8 42. Kc3 Kd7 43. Kd2 Ke7 44. Ke3 Ke8 45. Kf3 Ke7 46. Kg3 Ke8 47. Nf3 Ke7 48. Nh4 Ke8 49. Ng2 Nh7 50. Ne3 Kd7 51. Kh4 Ke7 52. f5 exf5 53. gxf5 gxf5 54. Nxf5+ Kd7 55. Kh5 Nf8 56. Kg5 Ke6 57. Nd6 Ke7 58. Kf4 Ne6+ 59. Ke3 Nd8 60. a3 Ke6 61. Kd3 Kd7 62. Kc3 Kc7 63. a4 Kd7 64. b5 axb5 65. axb5 cxb5 66. Nxb5 Kc6 67. Nd6 Ne6 68. Nf5 Kb5 69. Ne7 Nf4 70. Nf5 b6 71. cxb6 Kxb6 72. Ng7 Ng6 73. Nf5 Nf4 74. Kd2 Kb5 75. Ke3 Ne6 76. Kd3 Nf4+ 77. Kc3 Ne2+ 78. Kb3 Nf4 79. Ne7 Ne2 80. Nf5 Nf4 1/2-1/2

[Event "Leicester Atkins Memorial"]
[Site "Leicester"]
[Date "2014.11.30"]
[Round "4"]
[White "Burns, Martin J"]
[Black "Featherstone, Paul G"]
[Result "1-0"]
[WhiteElo "1880"]
[BlackElo "1848"]
[PlyCount "107"]
[EventDate "2014.11.28"]
[EventType "swiss"]
[EventRounds "5"]
[EventCountry "ENG"]
[SourceTitle "EXT 2023"]
[Source "ChessBase"]
[SourceDate "2022.10.05"]
[SourceVersion "1"]
[SourceVersionDate "2022.10.05"]
[SourceQuality "1"]

1. e4 c5 2. Nc3 d6 3. f4 Nc6 4. Nf3 Nf6 5. Bb5 a6 6. Bxc6+ bxc6 7. d3 g6 8. 0-0 Bg7 9. Qe1 0-0 10. Qh4 e6 11. Ng5 h6 12. Nf3 Nh7 13. Qg3 Kh8 14. e5 d5 15. b3 Rg8 16. Ba3 Bf8 17. Na4 Qa5 18. c4 Ra7 19. Rae1 Rd7 20. Qf2 Be7 21. Bxc5 Qd8 22. Bxe7 Rxe7 23. Qc5 Bb7 24. Nd4 Qe8 25. Qb6 Qd8 26. c5 Rc7 27. Nc2 Nf8 28. d4 Kg7 29. Qa5 Nd7 30. Re3 Nb8 31. Rg3 Qe7 32. Ne3 h5 33. f5 Kh7 34. fxe6 fxe6 35. Rf6 Rcc8 36. Rgf3 Rg7 37. Qe1 Kg8 38. Nb6 Rd8 39. h4 Bc8 40. Qg3 Qe8 41. Qg5 Qe7 42. Rxg6 Qxg5 43. Rxg5 Rxg5 44. hxg5 Bd7 45. Rf6 Rf8 46. Kh2 Be8 47. Kg3 Kg7 48. Rxe6 Bg6 49. Rf6 Re8 50. Kf4 Re7 51. Nf5+ Bxf5 52. Kxf5 Nd7 53. Nxd7 Rxd7 54. Rxc6 1-0

[Event "Leicester Atkins Memorial"]
[Site "Leicester"]
[Date "2014.11.29"]
[Round "3"]
[White "Potter, Karl"]
[Black "Burns, Martin J"]
[Result "1/2-1/2"]
[WhiteElo "1901"]
[BlackElo "1880"]
[PlyCount "61"]
[EventDate "2014.11.28"]
[EventType "swiss"]
[EventRounds "5"]
[EventCountry "ENG"]
[SourceTitle "EXT 2023"]
[Source "ChessBase"]
[SourceDate "2022.10.05"]
[SourceVersion "1"]
[SourceVersionDate "2022.10.05"]
[SourceQuality "1"]

1. e4 e6 2. d4 d5 3. e5 c5 4. c3 Nc6 5. Nf3 Bd7 6. Be2 Qb6 7. 0-0 Nge7 8. dxc5 Qc7 9. Re1 Ng6 10. Bb5 Bxc5 11. Bxc6 bxc6 12. b4 Be7 13. Nbd2 0-0 14. Nb3 Rfc8 15. Be3 Nxe5 16. Nxe5 Qxe5 17. Bc5 Qf6 18. Bxe7 Qxe7 19. Nc5 Re8 20. Qg4 Rad8 21. f4 Bc8 22. Qg3 Qf6 23. Rad1 Qg6 24. Qf2 f6 25. Qd4 Qf5 26. Nd3 Ba6 27. Nc5 Bc8 28. Nd3 Ba6 29. Nc5 Bc8 30. Nd3 Ba6 31. Nc5 1/2-1/2

[Event "BCF-ch Atkins op"]
[Site "Aberystwyth"]
[Date "2014.07.27"]
[Round "5"]
[White "Robinson, Tom"]
[Black "Burns, Martin J"]
[Result "1-0"]
[WhiteElo "1914"]
[BlackElo "1889"]
[PlyCount "83"]
[EventDate "2014.07.25"]
[EventType "tourn"]
[EventRounds "5"]
[EventCountry "WLS"]
[SourceTitle "EXT 2017"]
[Source "ChessBase"]
[SourceDate "2016.10.25"]
[SourceVersion "1"]
[SourceVersionDate "2016.10.25"]
[SourceQuality "1"]

1. e4 e6 2. d4 d5 3. Nd2 Nf6 4. e5 Nfd7 5. c3 c5 6. f4 Nc6 7. Ne2 Qb6 8. Nf3 cxd4 9. cxd4 Be7 10. g3 0-0 11. Bh3 Bb4+ 12. Kf2 Re8 13. a3 Bf8 14. Kg2 Na5 15. b4 Nc4 16. f5 exf5 17. Bxf5 g6 18. Bd3 Qc7 19. h4 Bg7 20. h5 Nf8 21. hxg6 fxg6 22. Nf4 Bg4 23. Qg1 Bxf3+ 24. Kxf3 g5 25. Nh5 Bxe5 26. Kg2 Bg7 27. Bxg5 Qb6 28. Nxg7 Kxg7 29. Qf2 Kg8 30. Raf1 Qe6 31. Rh6 Ng6 32. Bf5 Ne3+ 33. Bxe3 Qxe3 34. Bxg6 Qxf2+ 35. Rxf2 hxg6 36. Rxg6+ Kh7 37. Rd6 Re3 38. Rf7+ Kg8 39. Rxb7 Rxa3 40. Rxd5 Rc8 41. Kh3 a6 42. Rc5 1-0